Peking 2008 /

Hlavní autor: Alföldi, Tibor
Další autoři: Bažant, Jakub, 1958-, Dusík, Michal, 1971-, Erben, Eduard, 1956-, Mudra, Václav, 1952-
Jazyk: Čeština
Vydáno: Praha : Mladá fronta, 2008
Vydání: 1. vyd.
Témata:
Externí odkaz: Digitalizovaný dokument
Fyzický popis: 189 s. : il. (převážně barev.), portréty ; 31 cm
Knihy
Uloženo v:
LEADER 02453nam a2200637 a 4500
001 nkc20081818371
003 CZ PrNK
005 20090121150021.0
007 ta
008 080908s2008 xr ac e f 000 0 cze
015 |a cnb001818371 
020 |a 978-80-204-1829-6  |q (váz.) 
035 |a (OCoLC)294935169 
040 |a OLA001  |b cze  |d BOA001 
043 |a a-cc--- 
045 |a y0y0 
072 7 |a 796  |x Sport. Hry. Tělesná cvičení  |2 Konspekt  |9 20 
080 |a 796.032.2  |2 MRF 
080 |a 796.032.2:796/799  |2 MRF 
080 |a 796.032.2.071.2  |2 MRF 
080 |a 796.032.2.071.2-055.2  |2 MRF 
080 |a (510)  |2 MRF 
080 |a (036)  |2 MRF 
080 |a (084.12)  |2 MRF 
100 1 |a Alföldi, Tibor  |7 xx0084068  |4 aut 
245 1 0 |a Peking 2008 /  |c Tibor Alföldi, Jakub Bažant, Michal Dusík ; fotografie Eduard Erben [a Václav Mudra] 
250 |a 1. vyd. 
260 |a Praha :  |b Mladá fronta,  |c 2008 
300 |a 189 s. :  |b il. (převážně barev.), portréty ;  |c 31 cm 
500 |a Obálkový podnázev: oficiální publikace - český olympijský tým 
611 2 7 |a Letní olympijské hry  |n (29. :  |d 2008 :  |c Peking, Čína)  |7 xx0083438  |2 czenas 
648 7 |a 2008  |7 ch967365  |2 czenas 
650 0 7 |a olympijské hry  |7 ph115588  |z Čína  |y 2008  |2 czenas 
650 0 7 |a olympijské sporty  |7 ph123732  |2 czenas 
650 0 7 |a olympionici  |7 ph352447  |2 czenas 
650 0 7 |a olympioničky  |7 ph448238  |2 czenas 
650 0 9 |a Olympic Games  |z China  |y 2008  |2 eczenas 
650 0 9 |a Olympic sports  |2 eczenas 
650 0 9 |a Olympic sportsmen  |2 eczenas 
650 0 9 |a Olympic women sportsmen  |2 eczenas 
651 7 |a Peking (Čína)  |7 ge130384  |2 czenas 
651 9 |a Beijing (China)  |2 eczenas 
655 7 |a informační publikace  |7 fd132454  |2 czenas 
655 7 |a fotografické publikace  |7 fd132276  |2 czenas 
655 9 |a information publications  |2 eczenas 
655 9 |a photographical works  |2 eczenas 
700 1 |a Bažant, Jakub,  |d 1958-  |7 xx0053018  |4 aut 
700 1 |a Dusík, Michal,  |d 1971-  |7 xx0083752  |4 aut 
700 1 |a Erben, Eduard,  |d 1956-  |7 mzk2006324264  |4 pht 
700 1 |a Mudra, Václav,  |d 1952-  |7 jx20081125066  |4 pht 
856 4 1 |u http://www.digitalniknihovna.cz/mzk/uuid/uuid:c018e950-5254-11ea-a3ba-005056827e52  |y Digitalizovaný dokument  |x NDK 
910 2 |a BOA001  |b 4-1213.548 
990 |a BK 
995 |a 01 
991 |b 200811  |c NOV 
996 6 |b 2610359656  |c 4-1213.548  |l MZK  |r Sklad / do 1 hodiny  |n 3  |p p.v.  |w 000921072  |u 000010  |a 1  |e BOA001  |j MZK50  |s P